000 00860nam a2200229Ii 4500
003 JO-AjNU
008 230605s9999||||xx |||||||||||||| ||und||
017 _a1433/9423
020 _a978-603-8106-40-2
040 _aJO-AjNU
_bara
_erda
_cJO-AjNU
041 _aara
050 1 4 _ak3442.2013
100 3 _a محمد، محمد نصر ,
_eauthor
_944659
245 0 0 _aالمسؤولية التأديبية للمؤظف العام بين الشريعة والقانون
250 _aط1
264 3 1 _aالرياض : مكتبة القانون والاقتصاد ، 2013
300 _a266ص
336 _atext
_btxt
_2rdacontent
337 _aunmediated
_bn
_2rdamedia
338 _avolume
_bnc
_2rdacarrier
650 4 _aالموظفون والمستخدمون - تأديب -- الموظفون والمستخدمون - قوانين وتشريعات
_944660
999 _aA19299
_c22867
_d22867